|
|
|
|
| LEADER |
01630nam a2200421 a 4500 |
| 001 |
nkc20081788372 |
| 003 |
CZ PrNK |
| 005 |
20090121132253.0 |
| 007 |
ta |
| 008 |
080123s2008 xr e p 000 0 cze |
| 015 |
|
|
|a cnb001788372
|
| 020 |
|
|
|a 978-80-7043-611-0
|q (brož.) :
|c Kč 66,00
|
| 035 |
|
|
|a (OCoLC)228779858
|
| 040 |
|
|
|a ABA001
|b cze
|
| 043 |
|
|
|a e-xr---
|
| 072 |
|
7 |
|a 347.7
|x Obchodní právo. Finanční právo. Právo průmyslového vlastnictví. Patentové právo. Autorské právo
|2 Konspekt
|9 16
|
| 072 |
|
7 |
|a 37.016
|x Učební osnovy. Vyučovací předměty. Učebnice
|2 Konspekt
|9 22
|
| 080 |
|
|
|a 347.7
|2 MRF
|
| 080 |
|
|
|a (437.3)
|2 MRF
|
| 080 |
|
|
|a (075.8)
|2 MRF
|
| 100 |
1 |
|
|a Procházka, Vít
|7 jx20071210057
|4 aut
|
| 245 |
1 |
0 |
|a Základy obchodního práva :
|b studijní text pro distanční studium /
|c Vít Procházka
|
| 250 |
|
|
|a 1. vyd.
|
| 260 |
|
|
|a Plzeň :
|b Západočeská univerzita v Plzni,
|c 2008
|
| 300 |
|
|
|a 76 s. ;
|c 21 cm
|
| 500 |
|
|
|a Na obálce pod názvem: Západočeská univerzita v Plzni, Fakulta ekonomická
|
| 500 |
|
|
|a 200 výt.
|
| 521 |
8 |
|
|a Určeno pro studenty distančního studia FEK
|
| 650 |
0 |
7 |
|a obchodní právo
|7 ph115517
|z Česko
|2 czenas
|
| 650 |
0 |
9 |
|a commercial law
|z Czechia
|2 eczenas
|
| 655 |
|
7 |
|a učebnice vysokých škol
|7 fd133772
|2 czenas
|
| 655 |
|
9 |
|a textbooks (higher)
|2 eczenas
|
| 710 |
2 |
|
|a Západočeská univerzita.
|b Ekonomická fakulta
|7 kn20010709434
|
| 910 |
2 |
|
|a BOA001
|b 2-1199.344
|
| 990 |
|
|
|a BK
|
| 995 |
|
|
|a 01
|
| 991 |
|
|
|b 200803
|c NOV
|
| 996 |
6 |
|
|b 2610335952
|c 2-1199.344
|l MZK
|r Sklad / do 1 hodiny
|n 1
|p p.v.
|w 000887844
|u 000010
|a 1
|e BOA001
|j MZK50
|s P
|